Central Library OPAC University of Rajshahi

পুরাতন প্রসঙ্গ / (Record no. 48350)

MARC details
000 -LEADER
fixed length control field 01497nam a2200289 a 4500
001 - CONTROL NUMBER
control field 48350
003 - CONTROL NUMBER IDENTIFIER
rucl marc code BD-RjUL
005 - DATE AND TIME OF LATEST TRANSACTION
control field 20211209054515.0
008 - FIXED-LENGTH DATA ELEMENTS--GENERAL INFORMATION
fixed length control field 160813s1989 ii a|||| |||| 001 0 ben d
020 ## - INTERNATIONAL STANDARD BOOK NUMBER
Terms of availability : Tk. 80.00
035 ## - SYSTEM CONTROL NUMBER
System control number (BD-RjUL)48469
040 ## - CATALOGING SOURCE
Original cataloging agency BD-RjUL
Language of cataloging ben
Transcribing agency BD-RjUL
041 ## - LANGUAGE CODE
Language code of text/sound track or separate title ben
082 ## - DEWEY DECIMAL CLASSIFICATION NUMBER
Edition number 23
Classification number 891.4409
Author mark and year GUP 1989
100 ## - MAIN ENTRY--PERSONAL NAME
Personal name গুপ্ত, বিপিনবিহারী
9 (RLIN) 146346
245 10 - TITLE STATEMENT
Title পুরাতন প্রসঙ্গ /
Statement of responsibility, etc. বিপিনবিহারী গুপ্ত ; সম্পাদক অসিতকুমার বন্দ্যোপাধ্যায় ; সহ-সম্পাদক অশোক দাস, দীপান্বিতা সেন
250 ## - EDITION STATEMENT
Edition statement প্রথম পুস্তক বিপণি সং.
260 ## - PUBLICATION, DISTRIBUTION, ETC. (IMPRINT)
Place of publication, distribution, etc. কলকাতা :
Name of publisher, distributor, etc. পুস্তক বিপণি,
Date of publication, distribution, etc. ১৯৮৯
300 ## - PHYSICAL DESCRIPTION
Pagination [৩০], ৩৯৮ পৃ. :
Illustrations চিত্র ;
Size ১৯ সেমি
500 ## - GENERAL NOTE
General note নির্ঘণ্ট সংযুক্ত
650 ## - SUBJECT ADDED ENTRY--TOPICAL TERM
Topical term or geographic name as entry element বাংলা সাহিত্য
General subdivision ইতিহাস ও সমালোচনা
9 (RLIN) 146347
Topical term or geographic name as entry element Bengali Literature
General subdivision History and Criticism
9 (RLIN) 146348
700 ## - ADDED ENTRY--PERSONAL NAME
Personal name বন্দ্যোপাধ্যায়, অসিতকুমার, সম্পাদক
Personal name দাস, অশোক,
Personal name সেন, দীপান্বিতা, সহ-সম্পাদক
942 ## - ADDED ENTRY ELEMENTS (KOHA)
Source of classification or shelving scheme Dewey Decimal Classification
Koha item type Books
Holdings
Lost status Source of classification or shelving scheme Damaged status Not for loan Collection code Permanent Location Current Location Shelving location Date acquired Source of acquisition Cost, normal purchase price Total Checkouts Full call number Date last seen Copy number Koha item type
  Dewey Decimal Classification     Non-fiction Central Library, University of Rajshahi Central Library, University of Rajshahi   17/12/1996 Ankur Prokasoni, Dhaka 80.00   B 891.4409 GUP 1989 13/08/2016 C-2 Books
  Dewey Decimal Classification   Not For Loan Non-fiction Central Library, University of Rajshahi Central Library, University of Rajshahi Reading Room 17/12/1996 Ankur Prokasoni, Dhaka 80.00   B 891.4409 GUP 1989 30/01/2017 C-1 Books
  Dewey Decimal Classification     Non-fiction Central Library, University of Rajshahi Central Library, University of Rajshahi   19/05/1990 Ankur Prokasoni, Dhaka 80.00   B 891.4409 GUP 1989 30/01/2017 C-3 Books